Direitos Humanos Ct̀edra Daisaku Ikeda /

Detalles Bibliográficos
Autor principal: de Moraes Mello, Cleyson
Otros Autores: Moura de Almeida Neto, Jos ̌Rogřio, Alves Pereira, Antn̥io Celso
Formato: eBook
Lenguaje:portugués
Publicado: Rio de Janeiro: Editora Processo, 2021
Materias:
Acceso en línea:Acceso restringido

MARC

LEADER 00000nam a22000007a 4500
005 20220727230239.0
007 cr|||| ||||
008 220727s2021 br |||||s|||| 00||0 por d
020 |a 9786589351481 
035 |a 36778 
040 |a vLex 
090 |c 13644  |d 13644 
100 1 |a de Moraes Mello, Cleyson 
245 1 0 |a Direitos Humanos  |h [Recurso electrn̤ico] :  |b Ct̀edra Daisaku Ikeda /  |c Cleyson de Moraes Mello, Jos ̌Rogřio Moura de Almeida Neto, Antn̥io Celso Alves Pereira 
256 |a Servicio en ln̕ea 
260 |a Rio de Janeiro:  |b Editora Processo,  |c 2021 
300 |a 1 recurso electrn̤ico 
500 |a O Centro Universitr̀io de Valenȧ, RJ, instituiȯ̂ de ensino superior mantida pela Fundaȯ̂ Dom Andr ̌Arcoverde, com o objetivo de homenagear Doutor Daisaku Ikeda, criou, no seu Curso de Direito, a Ct̀edra Daisaku Ikeda de Direitos Humanos. Doutor Ikeda ̌Presidente Honorr̀io da Soka Gakkai e Presidente da Soka Gakkai Internacional, organizaȯ̂ nô governamental que mantm̌ estreitos vn̕culos com as principais agn̊cias das Naė̳s Unidas, reunindo mais de 12 milhe̳s de associados em 190 pas̕es. A Soka Gakkai Internacional (SGI) desenvolve bels̕simo e abnegado trabalho cultural, educacional, de defesa do meio ambiente, dos direitos humanos e da promoȯ̂ da paz. Doutor Ikeda dedicou sua vida ̉luta pela dignidade do ser humano, em generoso esforȯ que busca conscientizar os coraė̳s e as mentes das grandes lideranȧs mundiais no sentido do respeito e da realizaȯ̂ dos valores humanos fundamentais. Esse incansv̀el empenho, que se concretiza em seu trabalho ̉frente da SGI, e que est ̀expresso em seus livros, poemas, e em suas maravilhosas fotografias, enfim, em seu exemplo de vida, faz dele um verdadeiro aps̤tolo da liberdade, do amor ̉humanidade e da incessante luta pela paz mundial. Neste ano de 2021, as Naė̳s Unidas receberam a 39® Proposta de Paz enviada pelo Doutor Ikeda, iniciativa que ele repete, desde 1983, enfatizando, no documento, a necessidade da cooperaȯ̂ global para enfrentar a pandemia do Covid-19 e de medidas para livrar o mundo das armas nucleares. A presente obra ren︢e trabalhos sobre direitos humanos desenvolvidos por professores e alunos pesquisadores da Ct̀edra Daisaku Ikeda de Direitos Humanos da UNIFAA. Poeta laureado, pacifista, fils̤ofo e consagrado escritor, com obras traduzidas em mais de vinte idiomas, Doutor Daisaku Ikeda mantm̌ profundos vn̕culos com o Brasil. É Sc̤io Honorr̀io Estrangeiro do Instituto Histr̤ico e Geogrf̀ico Brasileiro, Sc̤io Correspondente da Academia Brasileira de Letras e Membro Titular da Academia Brasileira de Filosofia. Alm̌ disso, recebeu tt̕ulos de Doutor Honoris Causa outorgados pelas seguintes Universidades brasileiras: Centro Universitr̀io de Valenȧ – UNIFAA; Universidade Federal do Rio de Janeiro – UFRJ; Universidade do Estado do Rio de Janeiro – UERJ; Universidade Federal do Paran ̀– UFPR; Universidade Estadual de Londrina – UEL; Universidade Federal do Amazonas – UFAM; Universidade Federal de Sergipe – UFS; Universidade Federal do Piau ̕– UFPI e Universidade Federal Rural de Pernambuco. 
506 1 |a Disponible solo en los productos indicados  |d vLex Global  |d vLex Global (Academic Edition, excluding Law Schools)  |d vLex Global (U.S. Academic Edition, Law Schools)  |d vLex Global (U.S. Academic Edition, excluding Law Schools)  |d vLex Global (Academic Edition, Law Schools) 
650 0 4 |a Derecho Constitucional  |z Brasil 
700 1 |a Moura de Almeida Neto, Jos ̌Rogřio 
700 1 |a Alves Pereira, Antn̥io Celso 
740 0 |a vLex Libros (Servicio en ln̕ea) 
856 4 0 |u https://app.vlex.com/#/sources/36778  |z Acceso restringido 
942 |c BOOK 
999 0 |a Constitutional right